|
|
|
|
| LEADER |
01328nam a2200265 a 4500 |
| 001 |
13502586 |
| 008 |
090701s2004 nyua b 001 0 eng d |
| 010 |
|
|
|a 2004004242
|
| 020 |
|
|
|a 1856693562
|
| 020 |
|
|
|a 081095012X (hardcover)
|
| 040 |
|
|
|a DLC
|c DLC
|d DLC
|
| 082 |
0 |
0 |
|a 725/.39/09045
|2 22
|
| 100 |
1 |
|
|a Pearman, Hugh.
|
| 245 |
1 |
0 |
|a Airports :
|b a century of architecture /
|c by Hugh Pearman.
|
| 260 |
|
|
|a London :
|b Laurence King publishing Ltd.,
|c 2004.
|
| 300 |
|
|
|a 240 p. :
|b ill. (some col.) ;
|c 30 cm.
|
| 504 |
|
|
|a Includes bibliographical references (p. 237) and index.
|
| 541 |
1 |
|
|e 00012600
|
| 505 |
0 |
|
|a Introduction: the most exciting places on earth -- Origins -- A new building type -- The romantic illusion -- The imagery of flight -- The post-war international airport -- Small can be beautiful -- Cities of flight -- Endnote: six futures -- Bibliography and picture credits -- Index.
|
| 650 |
|
0 |
|a Airport terminals.
|
| 650 |
|
0 |
|a Architecture, Modern
|y 20th century.
|
| 852 |
4 |
|
|a Ayesha Abed Library
|j General Shelf.
|
| 942 |
0 |
0 |
|0 1
|
| 999 |
|
|
|c 1948
|d 1948
|
| 952 |
|
|
|0 0
|1 0
|2 ddc
|4 0
|6 725_390904500000000_PEA
|7 0
|9 1787
|a BRACUL
|b BRACUL
|c GEN
|d 2009-07-01
|g 5907.00
|l 9
|m 117
|o 725.3909045 PEA
|p 3010012600
|r 2017-01-04
|s 2016-05-15
|t 1
|w 2009-07-01
|y BK
|x Koha Inventory 2020 ; Previously missing book recovered on 19 November 2025.
|